| 000 | 01611cam a22004454i 4500 | ||
|---|---|---|---|
| 003 | PE-LiUPU | ||
| 005 | 20250731173208.0 | ||
| 008 | 150625s1989 xxu r 000 0 eng d | ||
| 035 | _a(Sirsi) a31704 | ||
| 040 |
_aPE-LiUPU _bspa _cPE-LiUPU _erda |
||
| 049 | _aPRUA | ||
| 082 | 0 | 4 |
_a221.63 / OTS / 3 _bH62 _221 |
| 100 | 1 |
_aHobbs, T.R., _eautor. |
|
| 245 | 1 | 2 |
_aA time For War / _cT. R. Hobbs. |
| 264 | 1 |
_aDelaware : _bMichael Glazier, _c1989. |
|
| 300 |
_a248 páginas ; _c22 centímetros |
||
| 336 |
_atext _2rdacontent |
||
| 337 |
_aunmediated _2rdamedia |
||
| 338 |
_avolume _2rdacarrier |
||
| 505 | 0 | _aHistorical observations: The Judges -- Historical observations: The Kings -- Men of war -- The art of war -- War and old testament literature -- Old testament warfare and new testament insights. | |
| 526 | _aSEG42 | ||
| 526 | _aSEG41 | ||
| 526 | _aSEG40 | ||
| 526 | _aSEG39 | ||
| 526 | _aP94 | ||
| 526 | _aP87 | ||
| 526 | _aP86 | ||
| 526 | _aP85 | ||
| 526 | _aP77 | ||
| 526 | _aP76 | ||
| 526 | _aP35 | ||
| 650 | 1 | 4 |
_aGuerra _xEnseñanza bíblica. |
| 630 | 0 | 4 |
_aBiblia. _pA.T. _xCrítica, interpretación, etc. |
| 942 |
_2ddc _cBOOK |
||
| 949 |
_a221.63 / OTS / 3 H62 _wDEWEY _c1 _i37203 _lCCODEBUL1 _mBUL _p00.00 _r0 _sY _tBOOK _u2015-06-25 _xBIBLIOTECA _zUNKNOWN _0COMPRA _o.STAFF. Colección General |
||
| 994 |
_aC0 _bPEPRU |
||
| 596 | _a1 | ||
| 999 |
_a221.63 / OTS / 3 H62 _wDEWEY _c39282 _i37203 _f2021-11-9 _g5 _lCCODEBUL1 _mBUL _p10.00 _r0 _sY _tBOOK _u2015-6-25 _xTEOLOGIA _PP35 _0COMPRA _o.STAFF. Colección Teología _d39282 |
||
| 980 |
_81 _gALBERTO SANCHEZ Responsable de Automatización |
||